000 00446nam a22001577a 4500
005 20240829090554.0
008 240829b |||||||| |||| 00| 0 eng d
041 _aEnglish
082 _a349 LAW
100 _lEnglish
245 _aThe Laws of South West Africa 1927
260 _aWindhoek:
_bBY Authority,
_c1927
300 _bxxix, 671 pages;
_c25 cm.
650 _aLegal practice
_bLaw
942 _cBK
_6ALISON_BN_VRIES
999 _c2940
_d2940